000 00501nam a2200217Ia 4500
005 20250425162759.0
008 250425s9999 xx 000 0 und d
020 _a8432004561
041 _aspa
043 _asp
082 _a330.03
110 _aPLANETA
245 0 _aECONOMIA: DICCIONARIO ENCICLOPEDICO: PREF - Z
250 _a1A ED.
260 _aBARCELONA
260 _aEspaƱa
_bPLANETA
_c1982
300 _a596
650 _aDICCIONARIO-ECONOMIA
942 _c01
010 _a108316
999 _c236310
_d236310